[Event "Zukertort"]
[Site "Charlesbourg CAN"]
[Date "2010.05.31"]
[Round "6"]
[White "Filiatreault, Michel"]
[Black "Glode, Martin"]
[Result "0-1"]
[WhiteElo "1919"]
[BlackElo "1779"]
[PlyCount "60"]
[EventDate "2010.04.26"]
[EventType "team"]
[EventRounds "6"]
[EventCountry "CAN"]

1. d4 d5 2. Nf3 Nf6 3. e3 c5 4. dxc5 Nc6 5. Be2 e5 6. O-O Bxc5 7. h3 O-O 8. Bb5
Qc7 9. c4 Rd8 10. cxd5 Nxd5 11. Qc2 Ncb4 12. Qe2 a6 13. Ba4 e4 14. Nd4 Nd3 15.
Nc3 Nxc3 16. bxc3 Qe5 17. Bc2 Bd6 18. g3 Bxh3 19. Rd1 Nxc1 20. Raxc1 Rac8 21.
Bb3 Qg5 22. Rd2 h5 23. Kh2 Bg4 24. f4 exf3 25. Nxf3 Bxf3 26. Qxf3 Qxg3+ 27.
Qxg3 Bxg3+ 28. Kxg3 Rxd2 29. Rf1 Rc7 30. Rf4 Rd3 0-1

[Event "Zukertort"]
[Site "Charlesbourg CAN"]
[Date "2010.05.31"]
[Round "6"]
[White "Tremblay, Rejean"]
[Black "Beaudoin, Stephane"]
[Result "0-1"]
[WhiteElo "2289"]
[BlackElo "2113"]
[PlyCount "78"]
[EventDate "2010.04.26"]
[EventType "team"]
[EventRounds "6"]
[EventCountry "CAN"]

1. d4 Nf6 2. c4 g6 3. Nc3 Bg7 4. e4 d6 5. Be2 O-O 6. Bg5 c5 7. d5 e6 8. Qd2
exd5 9. exd5 Qb6 10. O-O-O Re8 11. h3 Na6 12. Bh6 Bh8 13. g4 Bd7 14. f3 Re7 15.
h4 Rae8 16. Rh2 Qa5 17. Kb1 Qb4 18. h5 Ba4 19. Rc1 Bd7 20. Bf4 b5 21. hxg6 fxg6
22. a3 Qa5 23. cxb5 Nc7 24. Bxd6 Rxe2 25. Rxe2 Nxb5 26. Nxb5 Qxb5 27. Bxc5 Rb8
28. Bd4 Qa4 29. g5 Bf5+ 30. Ka1 Nxd5 31. Bxh8 Nb4 32. Be5 Qb3 33. Qxb4 Rxb4 34.
Bd6 Rb7 35. Rce1 Be6 36. Kb1 Qa2+ 37. Kc1 Qa1+ 38. Kd2 Qxb2+ 39. Ke3 Qb6+ 0-1